Normal view
MARC view
Entry Personal Name
001 - CONTROL NUMBER
- control field: 68848
003 - CONTROL NUMBER IDENTIFIER
- control field: dpl
005 - DATE AND TIME OF LATEST TRANSACTION
- control field: 20240724164200.0
008 - FIXED-LENGTH DATA ELEMENTS
- fixed length control field: 240724|| aca||aabn | a|a d
040 ## - CATALOGING SOURCE
- Original cataloging agency: dpl
- Transcribing agency: dpl
100 ## - HEADING--PERSONAL NAME
- Personal name: Aagarwal ,Rekha
670 ## - SOURCE DATA FOUND
- Source citation: Work cat.: (dpl)204414: Agarwal, Yatish 68847, The strange thermometer and other stories /, 2022
